50 games to play with your cat
| Main Author: | |
|---|---|
| Format: | Book |
| Published: |
Singapore :
Page One Publishing Private Limited ,
2007
|
| Subjects: |
MARC
| LEADER | 00000cam a2200000 7i4500 | ||
|---|---|---|---|
| 001 | 0000024844 | ||
| 005 | 20090120.0 | ||
| 008 | 090120 | ||
| 020 | |a 9812750365 | ||
| 090 | 0 | 0 | |a 636.80887 |b STR |
| 100 | 1 | |a Strachan, Jackie | |
| 245 | 1 | 0 | |a 50 games to play with your cat |c Jackie, Strachan |
| 260 | |a Singapore : |b Page One Publishing Private Limited , |c 2007 | ||
| 650 | 0 | |a Cats | |
| 650 | 0 | |a Games for cats | |
| 650 | 0 | |a Toys for cats | |
| 999 | |a 0001040815 |b Book |c Adult Collection |e Perbadanan Perpustakaan Awam Johor | ||